000 01014nam a22001817a 4500
003 OSt
005 20251116160026.0
008 251116b |||||||| |||| 00| 0 eng d
040 _cDCL
082 _a၂၉၄.၃၈၂၃၅၇၁
130 _aတိပိဋက။
_pသုတ္တန္တပိဋက။
_pခုဒ္ဒကနိကာယ။
_tစရိယာပိဋက၊
_lပါဠိတော်၊
_sနိဿယ။
245 _aစရိယာပိဋကပါဠိတော်နိဿယ /
_cအသျှင်စာဂရမထေရ်။
264 _aမန္တလေး ၊
_bမန္တလေး ပိဋကတ်တော်စာပုံနှိပ်တိုက်၊
_c၁၉၃၇။
300 _aက၊ ၆၉ စာမျက်နှာ ၊
_c၂၅ စင်တီ။
650 _aစရိယပိဋက
_vပါဠိတော် နိဿယ။
700 _aစာဂရမထေရ်၊ အသျှင်
942 _2ddc
_cSHORT TERM
_n0
999 _c2478
_d2478